000 00758nam a2200217 i 4500
001 78985
003 ES-MaACL
005 20231215062951.0
007 t|
008 041018s1987 sp ||||1| spa d
100 1 _aHeine, Heinrich.
_962371
245 1 0 _aMemorias del Señor de Schnabelewopski /
_cHeinrich Heine ; ilustraciones de Jules Pascin ; prólogo y traducción de Carmen Bravo-Villasante.
260 _aPalma de Mallorca :
_bJosé J. de Olañeta,
_c1987.
300 _aXV, 98 p. 4 h. de lám. :
_bil. ;
_c24 cm.
490 1 _aHesperus ;
_v3
700 1 _aBravo-Villasante, Carmen,
_d1918-1994
_931507
700 1 _aPascin, Jules.
_989329
830 0 _aHesperus ;
_v3
_9177365
852 _aES-MaACL
_jL-12509
_bR.114906
999 _c78985
_d78985